Alternatívy rastu slovenskej ekonomiky

Z Prognózy rozvoja Slovenska do roku 2010, ktorú pripravili pracovníci SAV. Hodnotiace správy Európskej komisie (EK) o hospodárskom pokroku Slovenska. Faktory dlhodobého rastu. Vývoj kapitálu a HDP. Potravinové hospodárstvo. Cestovný ruch.

Guardado en:
Detalles Bibliográficos
Formato: Capítulo de libro
Lenguaje:eslovaco
Materias:
Etiquetas: Agregar Etiqueta
Sin Etiquetas, Sea el primero en etiquetar este registro!

MARC

LEADER 00000naa a2200000 4500
001 r045741
005 20230927092128.7
041 0 |a slo 
044 |a SK 
245 1 0 |a Alternatívy rastu slovenskej ekonomiky 
520 |a Z Prognózy rozvoja Slovenska do roku 2010, ktorú pripravili pracovníci SAV. Hodnotiace správy Európskej komisie (EK) o hospodárskom pokroku Slovenska. Faktory dlhodobého rastu. Vývoj kapitálu a HDP. Potravinové hospodárstvo. Cestovný ruch. 
610 2 0 |a prognózy hospodárske 
610 2 0 |a vývoj hospodársky 
610 2 0 |a výskum 
610 2 0 |a vývoj 
610 2 0 |a kapitál 
610 2 0 |a produkt domáci hrubý 
610 2 0 |a potraviny 
610 2 0 |a ruch cestovný 
610 2 0 |a Slovensko 
610 2 0 |a 2010